| 000 | 01477nam0a22002531 4500 | ||
|---|---|---|---|
| 001 | v19\rc\2055912 | ||
| 005 | 20260406192332.0 | ||
| 035 | _a(NLR Aleph) 005133371 | ||
| 090 |
_a4731178 _c4731178 |
||
| 100 | _a20081111d1908 |||y0rusy50 ca | ||
| 101 | 0 | _arus | |
| 102 | _aRU | ||
| 105 | _ay z ||||| | ||
| 200 | 1 | _aЖурнал заседаний Комиссий по с.-х. опытному делу при Ученом комитете Главного управления землеустройства и земледелия 18, 23 и 29 января, 4 и 11 февраля и 13 мая 1908 года | |
| 210 |
_aСанкт-Петербург _d[1908] |
||
| 215 |
_a27 с. _d22 |
||
| 309 | _aБез тит. л. и обл. | ||
| 532 | 1 | 2 | _aЖурнал заседаний Комиссий по сельскохозяйственному опытному делу при Ученом комитете Главного управления землеустройства и земледелия 18, 23 и 29 января, 4 и 11 февраля и 13 мая 1908 года |
| 710 | 0 | 1 |
_aРоссия _bГлавное управление землеустройства и земледелия _bУченый комитет _bКомиссия по сельскохозяйственному опытному делу _3RU\NLR\AUTH\889954825 _9405664 |
| 801 | 0 |
_aRU _bNLR _gpsbo |
|
| 801 | 1 |
_aRU _bProSoft-M _2rusmarc |
|
| 852 |
_aNLR _j20.38.9.241 |
||
| 942 | _cBOOK | ||
| 980 | _aNB | ||